01775nam a2200409Ii 4500001001300000003000800013006001900021007001500040008004100055020002500096020001800121035002200139040003100161043001200192050001600204100003700220245015600257250002300413264006100436300002300497336002600520337002600546338003600572347002100608347000800629500016100637504005100798588008100849650004900930650003400979650002401013655002201037700003801059700003901097776015701136856007201293DIGUANDES196NyNyDIGm o d cr |||||||||||210625s2017 ck ob 001 0 spa d a9789587745559qeBook z9789587745542 a(OCoLC)1282641153 aDGITAbengerdaepncDGITA as-ck---14aTH438 ebook1 aGarcía Reyes, Jorge,eauthor. 10aGerencia de proyectos :baplicación a proyectos de construcción de edificaciones /cJorge García Reyes, Diego Echeverry Campos, Harrison Mesa Her aSegunda edición. 1aBogotá, D.C., Colombia :bEdiciones Uniandes ,c[2017] a1 online resource. atextbtxt2rdacontent acomputerbc2rdamedia aonline resourcebcr2rdacarrier atext file2rdaft bPDF a"Universidad de los Andes, Facultad de Ingeniería, Departamento de Ingeniería Civil y Ambiental, Grupo de Investigación de Proyectos en Ingeniería". aIncludes bibliographical references and index.0 aOnline resource; title from PDF title page (Digitalia, viewed June 25, 2021) 0aConstruction projectszColombiaxManagement. 0aProject managementzColombia. 0aProject management. 0aElectronic books.1 aEcheverry Campos, Diego,eauthor.1 aMesa Hernandez, Harrison,eauthor.08iPrint version:aGarcía Reyes, Jorge.tGerencia de proyectos.bSegunda edición.dBogotá, D.C., Colombia : Ediciones Uniandes, [2017]z9789587745542403Digitalia Hispánicauhttps://www.digitaliapublishing.com/a/52187/